MDQL
is popping MORE tags! Check the
thread
!
Quizzes
Events
Quiz Creation
Community
Videos
Private Events
Remove Ads
Sign In
Join for FREE
Feedback
Dark Mode
Quiz Categories
Sports
Geography
Music
Movies
Television
Just For Fun
Miscellaneous
History
Literature
Language
Science
Gaming
Entertainment
Religion
Holiday
For Kids
Quiz Lab
Recent
Popular Today
Quiz Kudos Today
Editor Picks
Curator Picks
Quizzes by...
Day
Popularity
Type
Ratings
Length
Year
Community
Subscriptions
Recent Discussions
Orange Saloon
Badges
Playlists
Quests
Create
Leaderboards
Showdown
Live 5
Trivia Bingo
Activity
Puzzle Library
Sporcle Events
Private Events
Virtual Trivia
Globe League
Become a Host
Pub Owners
SporcleCon
Opinionation
Our Games
Videos
Blog
Mobile Apps
Partnerships
Remove Ads and Go Orange
Feedback
Music
Pop Music
The Beatles
Song
Album
Lyrics
Bands
Singers
Artist
Clip
Rock
Rap
Classical
Billboard
Country Music
Kpop
Taylor Swift
Music
Pop Music
The Beatles
Song
Album
Lyrics
Bands
Singers
Artist
Clip
Rock
Rap
Classical
Billboard
Country Music
Kpop
Taylor Swift
Random Quiz
Search Sporcle
×
Quiz Lab
Quiz Lab
Music
Lyrics
Type in answers that appear in a list
Type in answers that appear in a list
Classic
Best Score? Go Orange.
Lyrics Of Candy Shop PART 2 Stats
Can you name the Lyrics Of Candy Shop by 50 Cent PART 2 (VERSE 2)?
By
kikiki
10m
159 Questions
223 Plays
223 Plays
223 Plays
Comments
Comments
Give Quiz Kudos
Give Quiz Kudos
-
- Ratings
hide this ad
Replay
Link that replays current quiz
Next Quiz
Link to next quiz in quiz playlist
You Got
0%
They Got
Avg Score
58%
Avg Friend Score
Upgrade to see
Score Distribution
Jump to the score distribution portion of the page
Score
0/159
Timer
10:00
0
Plays Today
% Correct
and
89.2%
the
89.2%
a
89.2%
the
89.2%
a
89.2%
the
89.2%
the
89.2%
the
89.2%
the
89.2%
and
89.2%
and
89.2%
can
88.8%
you
87%
you
87%
you
87%
to
82.5%
to
82.5%
to
82.5%
it
78.9%
it
78.9%
it
78.9%
it
78.9%
it
78.9%
me
75.3%
me
75.3%
on
72.6%
like
72.6%
like
72.6%
like
72.6%
on
72.6%
like
72.6%
on
72.6%
like
72.6%
on
72.6%
on
72.6%
on
72.6%
baby
69.1%
slow
69.1%
Give
67.3%
nice
67.3%
so
66.8%
top
65.9%
in
65.9%
in
65.9%
in
65.9%
in
65.9%
rodeo
65.5%
i
64.6%
i
64.6%
get
64.6%
get
64.6%
i
64.6%
i
64.6%
% Correct
this
64.1%
this
64.1%
she
62.8%
its
62.8%
its
62.8%
she
62.8%
she
62.8%
she
62.8%
its
62.8%
its
62.8%
is
62.3%
is
62.3%
aint
61.9%
aint
61.9%
aint
61.9%
aint
61.9%
before
61%
before
61%
never
60.5%
never
60.5%
how
60.5%
down
60.1%
as
60.1%
as
60.1%
as
60.1%
my
59.2%
we
59.2%
my
59.2%
we
59.2%
quicker
58.7%
zipper
58.3%
who
58.3%
race
57%
undressed
57%
heard
56.1%
put
56.1%
isnt
56.1%
gon
56.1%
pulling
55.6%
climb
55.2%
sound
55.2%
im
54.3%
from
54.3%
that
53.8%
ironic
53.4%
at
53.4%
ride
52.5%
right
52.5%
right
52.5%
behind
52.5%
after
52%
after
52%
spot
51.6%
% Correct
time
51.6%
cause
51.1%
gone
50.7%
see
50.7%
gone
50.7%
watch
49.8%
ass
49.8%
way
49.8%
touch
49.3%
soon
48.9%
door
48.9%
through
48.4%
thongs
48.4%
come
48%
off
48%
thinkin
47.5%
lights
46.2%
her
46.2%
lights
46.2%
her
46.2%
bottle
45.7%
bottle
45.7%
bottle
45.7%
bout
45.3%
seductive
45.3%
grind
45.3%
erotic
44.4%
hips
44.4%
got
43.5%
when
43.5%
stoppin
43%
stoppin
43%
sip
40.8%
floor
39.9%
poppin
39.9%
wind
39.5%
sweat
39%
should
38.6%
homie
38.6%
campaign
38.6%
with
38.1%
long
36.8%
every
35.4%
every
35.4%
wet
34.1%
till
33.6%
drippin
32.3%
man
32.3%
slo-mo
30.5%
bubble
30%
all
25.6%
champaign
22%
em
21.1%
Quiz Playlist
Details
Report
Send in Message
Add To Playlist
Classic:
Type in answers that appear in a list
Quiz Source
Last Updated: Feb 16, 2017
Quiz Scoreboard
CHALLENGE
Sign Up to Join the Scoreboard
Show All
Scores
Hide
Comments
May contain spoilers
Recently Published
Image Sorting: Flags VI
by Barbecue
Geography
2m
Find the 'City' Movie
by crazypaving
Movies
60s
Colored Red Africa Blitz
by spor1
Geography
45s
More to Explore
Quiz From the Vault
Featured Blog Post
14 Easter Pick-up Lines to Find Eggs With
hide this ad
You Might Also Like...
Tags
Lyrics Quiz
Rap Quiz
50 Cent
Today's Top Quizzes in Music
Browse Music
hide this ad
Today's Top Quizzes in Lyrics
Browse Lyrics
Top Contributed Quizzes in Music
1
5X2 Blitz: Bands II
2
5X2 Blitz: The Beatles
3
Taylor Swift All Songs (2024)
4
5X2 Blitz: Billboard
5
5X2 Blitz: Billboard II
6
5X2 Blitz: Album
7
5X2 Blitz: Rock
8
5X2 Blitz: Singers
9
Music Artist by Three 2010s hits
10
5X2 Blitz: Lyrics
Explore More
Trending Topics
Disney
Harry Potter
Kpop
Marvel
Anime
Crossword
NBA
NFL
Country
Soccer
Puzzle
Song
The Office
Pokémon
WWE
hide this ad
More By:
kikiki
Quiz
Plays
Rating
Category
Featured
Created
Lyrics Of Candy Shop PART 1
635
Music
Dec 29, 2010
Lyrics Of Candy Shop PART 2
223
3.00
Music
Dec 29, 2010
Go to Creator's Profile
Score Distribution
Quiz Creator Spotlight
kikiki
Follow
Send a Message
Quizzes Created
-
Created Quiz Play Count
-
More By This Creator
Popular Quizzes Today
1
Colored Red Africa Blitz
2
Find the US States - No Outlines Minefield
3
Find the 'City' Movie
4
5x2 Blitz: Bands
5
The Countries of the World
6
Find the US States
7
Find the Countries of Europe - No Outlines Minefield
8
US States
More Music Quizzes
3 Dvorak Symphonies
Quiz Lab
Trending Quizzes
Colored Red Europe Blitz I
Colored Red Europe Blitz II
Colored Red Africa Blitz II
Colored Red Europe Blitz III
Colored Red Africa Blitz III
Recently Updated
How Do You Spell That?
pecheneg
Godzilla Movies
pecheneg
Grab Bag: 4-10 Letters
pecheneg
2024 March Madness Bracket
pecheneg
Famous TV Couples
Peacemaker
Champions League XIs: Real Madrid
pecheneg
Largest US Cities 1790-2010
pecheneg
Rides in Walt Disney World
pecheneg
Most Oscar Losses (Acting)
pecheneg
Beyoncé Albums
pecheneg
Trending Topics
NBA
Crossword
Disney
Marvel
Harry Potter
Kpop
Anime
WWE
The Office
Puzzle
Song
Pokémon
Country
NFL
Soccer
Your Account Isn't Verified!
In order to create a playlist on Sporcle, you need to verify the email address you used during registration. Go to your
Sporcle Settings
to finish the process.
Report this User
Report this user for behavior that violates our
Community Guidelines
.
Details:
Send Report
Go to the Sporcle.com Mobile Site →
Comments